| 000 | 00771cam a2200265 4500 | ||
|---|---|---|---|
| 008 | 090401t1991 xxu||||| |||| 00| 0 eng d | ||
| 020 | _a1853800309 | ||
| 035 | _a(Sirsi) u40457 | ||
| 041 | _aeng | ||
| 050 |
_a692.8 _c18 |
||
| 100 | _aFarrow, J. J. | ||
| 245 |
_aEffectiveness of claims _bprovisions under the JCT standard forms of contract |
||
| 260 |
_aAscot _bCIOB _c1991 |
||
| 300 |
_a21p. _c30cm. |
||
| 350 | _a7 | ||
| 490 |
_aCIOB Occasional Paper _v47 |
||
| 650 | _aBUILT ENVIRONMENT-BUILDING CONTRACT FORMS | ||
| 650 | _aCLAIMS | ||
| 650 | _aJCT 1963 | ||
| 650 | _aJCT STANDARD FORM OF BUILDING CONTRACT (1980 EDITION) | ||
| 690 | _aBUILT ENVIRONMENT-BUILDING CONTRACT FORMS | ||
| 700 | _aWagland, Gareth W. | ||
| 942 | _n0 | ||
| 948 | _c04/03/1997 | ||
| 999 |
_c90864 _d90864 |
||